000 00302nam a2200133Ia 4500
008 220613s9999||||xx |||||||||||||| ||und||
100 _aJean Hamaburger
245 0 _aStructure And Function Of The Kidney
250 _a1971
260 _bXXXX
300 _a115
650 _aPhysiology
942 _cPREC
999 _c3527
_d3527